Khee osteoarthritics (KOA) : (Record no. 147293)

MARC details
000 -LEADER
fixed length control field 00714nam a22002057a 4500
005 - DATE AND TIME OF LATEST TRANSACTION
control field 20171111112514.0
010 ## - LCCN (DPL NO)
LC control number ENG-121349
020 ## - INTERNATIONAL STANDARD BOOK NUMBER
Terms of availability 195.00
International Standard Book Number 9788129001054
035 ## - SYSTEM CONTROL NUMBER
System control number EN-104881
037 ## - SOURCE OF ACQUISITION
Source of stock number/acquisition DBAD/PUB
082 ## - DEWEY DECIMAL CLASSIFICATION NUMBER
Classification number 612.76
100 ## - MAIN ENTRY--PERSONAL NAME
Personal name Amarjeet Singh
245 ## - TITLE STATEMENT
Title Khee osteoarthritics (KOA) :
Statement of responsibility, etc by Amarjeet Singh, M.S. Dhllon [and] Sukhpal kaur
Remainder of title non surgical interventions and exercises a guidebook for patients /
260 ## - PUBLICATION, DISTRIBUTION, ETC. (IMPRINT)
Place of publication, distribution, etc New Delh
Name of publisher, distributor, etc A New Era International Imprint
Date of publication, distribution, etc 2015
270 ## - ADDRESS
Address SCO 49-51,Sector-17C,Post Box-52
City Chandigarh
Postal code 150017
300 ## - PHYSICAL DESCRIPTION
Extent 80,[16].
Dimensions 22cm.(pbk)
Other physical details ill.
700 ## - ADDED ENTRY--PERSONAL NAME
Personal name Dhllon,M.S.
700 ## - ADDED ENTRY--PERSONAL NAME
Personal name Sukhpal kaur
942 ## - ADDED ENTRY ELEMENTS (KOHA)
Source of classification or shelving scheme Dewey Decimal Classification
Item type English Books
Classification part 612.76
Call number suffix AMA
Holdings
Withdrawn status Lost status Not for loan Collection code Home library Current library Date acquired Source of acquisition Cost, normal purchase price Full call number Barcode Copy number Cost, replacement price Koha item type
    Not For Loan Non-fiction D.B.Act.Division Bawana 11/11/2017 DBAD/PUB 195.00 612.76 AMA EN-104881 1 195.00 English Books

© Delhi Public Library
Hit Counter
free hit counter